=LDR 00000nam 2200000 4500 =001 INLIS000000000038030 =005 20130612143727 =008 ***********************************ind** =035 ##$$0010-061300000038030 =041 ##$$a ind =082 ##$$a 813 =090 ##$$a 813, Alc g =100 ##$$a Alcott, Louisa May =245 ##$$a Garland for girla, Louisa May Alcott =260 ##$$a 2010 $b Jakarta =300 ##$$a 362 hlm, 22 cm =650 ##$$a fiksi =850 ##$$a NBPNMAT